000 01712aam a22003611a 4500
999 _c12515
_d12515
001 12515
003 BD-JhCC
005 20220612123335.0
008 220611s2020 sz |||||o |||| ||eng
020 _z9783030362430
035 _aBD-JhCC (12515)
040 _aUk
_cUk
_dBD-JhCC
041 _aeng
082 0 4 _a330.951
_223
_bALI 2020
100 1 _aAli, S. Mahmud,
_d1952-
245 1 0 _aChina's Belt and Road vision :
_bgeoeconomics and geopolitics /
_cS. Mahmud Ali.
260 _aSwitzerland :
_bSpringer,
_c2020.
300 _a1 online resource (330 pages).
490 1 _aGlobal power shift,
_x2198-7343
500 _aAcademic
505 0 _a1. Introduction.- 2. Fear Factor - Strategists vs. Bankers.- 3. Belt-and-Road: An Evolving Network.- 4. East Meets West: Belt and Road Initiative's Eclectic Origins.- 5. Case Study 1: The China-Pakistan Economic Corridor.- 6. Case Study 2: The 21st Century Maritime Silk Road.- 7. Conclusion: Geoeconomics or Geopolitics?.
506 1 _aLegal Deposit;
_cOnly available on premises controlled by the deposit library and to one user at any one time;
_eThe Legal Deposit Libraries (Non-Print Works) Regulations (UK).
_5UkOxU
540 _aRestricted: Printing from this resource is governed by The Legal Deposit Libraries (Non-Print Works) Regulations (UK) and UK copyright law currently in force.
_5UkOxU
650 0 _aRegional economics
_zChina
_y21st century.
650 7 _aEconomic policy.
650 7 _aInternational economic relations.
651 0 _aChina
_xEconomic policy
_y2000-
651 0 _aChina
_xForeign economic relations.
651 7 _aChina.
830 0 _aGlobal power shift.
942 _2ddc
_cBK